Greek god click quiz - Statistics

General Stats
  • This quiz has been taken 60 times
  • The average score is 21 of 35
Answer Stats
Hint Answer % Correct
God of the Ocean Poseidon
100%
King of the gods Zeus
100%
Goddess of Wisdom Athena
95%
God of Wine and Madness Dionysus
95%
Ruler of the underworld Hades
92%
Queen of the gods Hera
92%
Goddess of love and beauty Aphrodite
89%
God of War Ares
89%
Messenger of the Gods Hermes
87%
Queen of the Underworld Persephone
87%
God of the Forge Hephaestus
84%
Virgin Goddess of the Hunt Artemis
76%
Goddess of Victory Nike
71%
God of Death Thanatos
68%
Goddess of Hearth Hestia
66%
Turns men into pigs Circe
63%
God of Sleep Hypnos
61%
Goddess of Vengeance Nemesis
61%
Mother of Persephone Demeter
58%
God of lust, passion and desire Eros
58%
God of healing, the arts and poetry Apollo
53%
God of dreams Morpheus
47%
West Wind Zephyros
47%
God of the winds Aeolus
45%
Rainbow god Iris
45%
God of the wild and shepherds Pan
42%
North Wind Boreas
39%
Goddess of magic Hecate
39%
Wife of the sea god Amphitrite
37%
Lover of Eros Psyche
26%
God of strife and chaos Eris
21%
God of Youth Hebe
21%
Goddess of Chance and Luck Tyche
21%
East Wind Eurus
16%
South Wind Notus
8%
No matching quizzes found
Score Distribution
Percent of People with Each Score
Percentile by Number Answered
Your Score History
You have not taken this quiz